Normal view
MARC view
- Piling (Civil engineering)
Entry Topical Term
001 - CONTROL NUMBER
- control field: 37751
003 - CONTROL NUMBER IDENTIFIER
- control field: NUST
005 - DATE AND TIME OF LATEST TRANSACTION
- control field: 20210314130413.0
008 - FIXED-LENGTH DATA ELEMENTS
- fixed length control field: 210314|| aca||aabn | a|a d
040 ## - CATALOGING SOURCE
- Original cataloging agency: NUST
- Transcribing agency: NUST
150 ## - HEADING--TOPICAL TERM
- Topical term or geographic name entry element: Piling (Civil engineering)
- General subdivision: Testing
670 ## - SOURCE DATA FOUND
- Source citation: Work cat.: (NUST): Crowther, Carroll L., 37750, Load testing of deep foundations :, c1988.
